[Event "Manitou Springse ch-Colorado"]
[Site "Manitou"]
[Date "2013.04.??"]
[Round "?"]
[White "Wall, Brian D"]
[Black "Cousins, Robert P"]
[Result "1-0"]
[WhiteElo "2204"]
[BlackElo "2140"]
[PlyCount "71"]
[EventDate "2013.04.19"]
[EventType "tourn"]
[EventRounds "5"]
[EventCountry "USA"]
[SourceTitle "EXT 2020"]
[Source "ChessBase"]
[SourceDate "2019.10.17"]
[SourceVersion "1"]
[SourceVersionDate "2019.10.17"]
[SourceQuality "1"]

1. e4 e6 2. Nf3 d5 3. e5 c5 4. b4 cxb4 5. a3 Nc6 6. axb4 Bxb4 7. c3 Bf8 8. d4 Nge7 9. Ba3 Nf5 10. Bxf8 Kxf8 11. Bd3 Bd7 12. h4 h5 13. g3 b5 14. Kf1 Qb6 15. Kg2 a5 16. Nbd2 b4 17. Nb3 bxc3 18. Nc5 Ke7 19. Bxf5 exf5 20. Qc1 Qc7 21. Qg5+ Kf8 22. Rhc1 Qd8 23. Qe3 Ra6 24. Rxc3 Nb4 25. Ng5 Kg8 26. Qc1 Rc6 27. Qa3 Rc8 28. Rac1 Bb5 29. Nxf7 Kxf7 30. Nb7 Qb6 31. Nd6+ Kg6 32. Rxc8 Rxc8 33. Rxc8 Bd3 34. Qc1 Be2 35. Qg5+ Kh7 36. Qxf5+ 1-0